[Event "Weiz op 16th"]
[Site "Weiz"]
[Date "2017.06.17"]
[Round "4.4"]
[White "Raith, Andreas"]
[Black "Gruber, Martin"]
[Result "1-0"]
[WhiteElo "1737"]
[BlackElo "1401"]
[PlyCount "151"]
[EventDate "2017.06.15"]
[EventType "swiss"]
[EventRounds "5"]
[EventCountry "AUT"]
[SourceTitle "EXT 2024"]
[Source "ChessBase"]
[SourceDate "2023.10.10"]
[SourceVersion "1"]
[SourceVersionDate "2023.10.10"]
[SourceQuality "1"]

1. e4 e5 2. Nf3 Nc6 3. Bb5 Nf6 4. 0-0 d6 5. Re1 Be7 6. h3 a6 7. Ba4 b5 8. Bb3 0-0 9. c3 Bb7 10. d3 Nd7 11. Be3 Bf6 12. Nbd2 Re8 13. Nf1 Ne7 14. Bg5 a5 15. a3 Ng6 16. Qd2 Nc5 17. Ba2 Ne6 18. Be3 Nef4 19. Ng3 Bg5 20. Ne2 Nxe2+ 21. Rxe2 Bxe3 22. fxe3 Nh4 23. Nxh4 Qxh4 24. Rf2 Re7 25. Raf1 Rf8 26. Qd1 Bc8 27. Bd5 Be6 28. Bxe6 Rxe6 29. Qb3 Qh6 30. Rf3 c6 31. c4 bxc4 32. Qxc4 c5 33. Qb5 f6 34. Qxa5 Ree8 35. Qc7 Rd8 36. a4 Qg6 37. Ra1 Qf7 38. Qxf7+ Rxf7 39. Rf2 Ra8 40. b3 Rb7 41. Rb2 Rb4 42. Kf2 Kf7 43. Ra3 Ke6 44. Rc2 Rab8 45. Rc3 Kd7 46. Ke2 Kc6 47. Kd2 Kb6 48. Rc4 Ka5 49. Rxb4 Kxb4 50. Ra1 Ka5 51. Kc3 Rb4 52. Rd1 h6 53. d4 c4 54. bxc4 Rxa4 55. Rb1 Ka6 56. Rb2 Ka7 57. Kb3 Ra6 58. Ra2 Rxa2 59. Kxa2 Kb6 60. Kb3 Kc6 61. Kb4 Kb6 62. c5+ dxc5+ 63. dxc5+ Kc6 64. Kc4 Kc7 65. Kd5 Kd7 66. c6+ Kc7 67. Kc5 Kc8 68. Kd6 Kd8 69. c7+ Kc8 70. Kc6 g6 71. g3 h5 72. g4 h4 73. Kd6 g5 74. Kc6 f5 75. exf5 e4 76. Kd6 1-0